000 00342nam a22001337a 4500
020 _a0070038805
040 _cnust
082 _a004
_bBAR
100 _aBartee,Thomas
_9122559
245 _aIntroduction To Computer Science
260 _aTokyo:
_bMcGraw Hill,
_c1975.
650 _aIntroduction To Computer Science
_9122560
942 _2ddc
_cBK
999 _c609032
_d609032